[Event "World Chess Olympiad 2018"]
[Site "Batumi"]
[Date "2018.10.02"]
[Round "8"]
[Board "2"]
[WhiteFideId "3503321"]
[White "Gonzalez Vidal Yuri"]
[BlackFideId "11309504"]
[Black "Mushore Emarald Takudzwa"]
[Result "1-0"]
[LiveChessVersion "1.4.8"]
[BlackElo "2152"]
[WhiteElo "2566"]

1. e4 {[%clk 1:30:55]} e5 {[%clk 1:30:54]} 2. Nf3 {[%clk 1:31:12]} Nc6
{[%clk 1:31:21]} 3. Bc4 {[%clk 1:31:21]} Nf6 {[%clk 1:31:40]} 4. d3
{[%clk 1:31:34]} Be7 {[%clk 1:32:00]} 5. O-O {[%clk 1:31:40]} O-O
{[%clk 1:32:23]} 6. Re1 {[%clk 1:31:59]} d6 {[%clk 1:32:02]} 7. a4
{[%clk 1:32:12]} Na5 {[%clk 1:31:34]} 8. Ba2 {[%clk 1:32:25]} c5 {[%clk 1:32:01]}
9. Na3 {[%clk 1:32:36]} a6 {[%clk 1:31:29]} 10. c3 {[%clk 1:31:04]} Nc6
{[%clk 1:31:29]} 11. Bd2 {[%clk 1:30:33]} Rb8 {[%clk 1:29:51]} 12. Nc4
{[%clk 1:27:23]} b5 {[%clk 1:28:16]} 13. axb5 {[%clk 1:27:34]} axb5
{[%clk 1:28:06]} 14. Ne3 {[%clk 1:27:51]} Be6 {[%clk 1:21:41]} 15. Bd5
{[%clk 1:18:12]} Qc8 {[%clk 1:21:01]} 16. Qb3 {[%clk 1:03:30]} h6
{[%clk 1:14:04]} 17. Qa2 {[%clk 0:59:37]} Bd8 {[%clk 1:07:48]} 18. b4
{[%clk 0:46:13]} Bb6 {[%clk 0:56:54]} 19. Rec1 {[%clk 0:43:25]} Qd7
{[%clk 0:50:41]} 20. bxc5 {[%clk 0:37:29]} Bxc5 {[%clk 0:50:38]} 21. Rab1
{[%clk 0:25:54]} Rfc8 {[%clk 0:43:38]} 22. Bxe6 {[%clk 0:22:21]} fxe6
{[%clk 0:41:50]} 23. Be1 {[%clk 0:16:58]} Kh7 {[%clk 0:34:40]} 24. Qe2
{[%clk 0:16:37]} Rf8 {[%clk 0:26:47]} 25. Nc2 {[%clk 0:15:34]} Ba7
{[%clk 0:19:51]} 26. Na3 {[%clk 0:11:41]} Nh5 {[%clk 0:15:39]} 27. Nxb5
{[%clk 0:10:34]} Nf4 {[%clk 0:15:42]} 28. Qd1 {[%clk 0:10:05]} Bb6
{[%clk 0:12:19]} 29. g3 {[%clk 0:07:09]} Nh5 {[%clk 0:11:43]} 30. Ng5+
{[%clk 0:06:34]} Kg6 {[%clk 0:12:03]} 31. Nh3 {[%clk 0:06:52]} Nf6
{[%clk 0:11:59]} 32. Kg2 {[%clk 0:06:37]} d5 {[%clk 0:11:32]} 33. Qe2
{[%clk 0:06:37]} Kh7 {[%clk 0:11:28]} 34. Na3 {[%clk 0:04:33]} Kh8
{[%clk 0:09:57]} 35. Nc2 {[%clk 0:04:47]} Bc5 {[%clk 0:08:16]} 36. f3
{[%clk 0:03:58]} Rfc8 {[%clk 0:05:14]} 37. Bf2 {[%clk 0:03:49]} Qa7
{[%clk 0:04:40]} 38. Ra1 {[%clk 0:03:29]} Qe7 {[%clk 0:04:33]} 39. Rcb1
{[%clk 0:03:14]} Bxf2 {[%clk 0:02:43]} 40. Nxf2 {[%clk 0:33:26]} Qc5
{[%clk 0:32:52]} 41. Nd1 {[%clk 0:32:25]} Ne8 {[%clk 0:30:12]} 42. Qf2
{[%clk 0:28:43]} d4 {[%clk 0:30:04]} 43. c4 {[%clk 0:26:06]} Nd6 {[%clk 0:28:42]}
44. Qd2 {[%clk 0:25:23]} Rb6 {[%clk 0:28:16]} 45. Nb2 {[%clk 0:23:14]} Rb7
{[%clk 0:24:22]} 46. Na4 {[%clk 0:22:32]} Qa5 {[%clk 0:24:44]} 47. Qxa5
{[%clk 0:21:48]} Nxa5 {[%clk 0:25:11]} 48. Nb6 {[%clk 0:18:41]} Rc5
{[%clk 0:23:55]} 49. f4 {[%clk 0:14:45]} Nc6 {[%clk 0:22:29]} 50. fxe5
{[%clk 0:09:48]} Nxe5 {[%clk 0:22:38]} 51. Nxd4 {[%clk 0:09:15]} Nxd3
{[%clk 0:22:54]} 52. Nxe6 {[%clk 0:07:50]} Re5 {[%clk 0:23:06]} 53. Ra8+
{[%clk 0:06:57]} Kh7 {[%clk 0:23:06]} 54. Nf8+ {[%clk 0:06:49]} Kg8
{[%clk 0:23:27]} 55. Nfd7+ {[%clk 0:04:31]} Re8 {[%clk 0:23:55]} 56. Rxe8+
{[%clk 0:04:18]} Nxe8 {[%clk 0:24:23]} 57. c5 {[%clk 0:03:59]} Nf6
{[%clk 0:24:17]} 58. c6 {[%clk 0:03:43]} 1-0

[Event "World Chess Olympiad 2018"]
[Site "Batumi"]
[Date "2018.10.02"]
[Round "8"]
[Board "3"]
[WhiteFideId "11001933"]
[White "Zhemba Jemusse"]
[BlackFideId "3503313"]
[Black "Almeida Quintana Omar"]
[Result "0-1"]
[LiveChessVersion "1.4.8"]
[BlackElo "2540"]
[WhiteElo "2138"]

1. d4 {[%clk 1:30:58]} g6 {[%clk 1:30:51]} 2. c4 {[%clk 1:31:08]} Bg7
{[%clk 1:31:15]} 3. Nc3 {[%clk 1:31:16]} d6 {[%clk 1:31:28]} 4. e4
{[%clk 1:31:17]} Nc6 {[%clk 1:31:19]} 5. Be3 {[%clk 1:31:00]} e5 {[%clk 1:31:14]}
6. d5 {[%clk 1:30:28]} Nce7 {[%clk 1:31:28]} 7. f3 {[%clk 1:30:12]} f5
{[%clk 1:30:03]} 8. Qd2 {[%clk 1:29:27]} Nf6 {[%clk 1:30:10]} 9. h3
{[%clk 1:27:58]} O-O {[%clk 1:29:06]} 10. g4 {[%clk 1:25:55]} a6 {[%clk 1:21:17]}
11. Bd3 {[%clk 1:19:38]} c6 {[%clk 1:20:32]} 12. g5 {[%clk 1:16:54]} Nh5
{[%clk 1:19:54]} 13. Nge2 {[%clk 1:16:19]} fxe4 {[%clk 1:17:33]} 14. Bxe4
{[%clk 1:14:59]} c5 {[%clk 1:17:42]} 15. a4 {[%clk 1:11:53]} Nf5 {[%clk 1:17:24]}
16. h4 {[%clk 1:08:13]} Nd4 {[%clk 1:17:11]} 17. Bxd4 {[%clk 1:08:17]} exd4
{[%clk 1:16:20]} 18. Nd1 {[%clk 1:06:47]} Bf5 {[%clk 1:13:32]} 19. Nf2
{[%clk 1:04:58]} b5 {[%clk 1:04:44]} 20. axb5 {[%clk 0:48:22]} axb5
{[%clk 1:05:07]} 21. Rxa8 {[%clk 0:48:04]} Qxa8 {[%clk 1:05:30]} 22. cxb5
{[%clk 0:46:50]} Bxe4 {[%clk 1:03:40]} 23. fxe4 {[%clk 0:46:45]} Qa1+
{[%clk 1:03:48]} 24. Nd1 {[%clk 0:45:01]} Qb1 {[%clk 1:03:28]} 25. Rf1
{[%clk 0:43:27]} Re8 {[%clk 1:02:47]} 26. Rf3 {[%clk 0:38:57]} Qxe4
{[%clk 1:02:53]} 27. Qd3 {[%clk 0:37:51]} Qxd3 {[%clk 1:01:58]} 28. Rxd3
{[%clk 0:37:52]} Nf4 {[%clk 1:02:06]} 29. Rf3 {[%clk 0:37:57]} Nxe2
{[%clk 0:59:44]} 30. Kd2 {[%clk 0:38:08]} c4 {[%clk 0:58:28]} 31. b6
{[%clk 0:37:43]} d3 {[%clk 0:56:32]} 32. Ne3 {[%clk 0:37:04]} Nd4
{[%clk 0:56:49]} 33. Rh3 {[%clk 0:35:37]} Nb3+ {[%clk 0:56:51]} 34. Kd1
{[%clk 0:35:52]} Na5 {[%clk 0:51:17]} 0-1

[Event "World Chess Olympiad 2018"]
[Site "Batumi"]
[Date "2018.10.02"]
[Round "8"]
[Board "4"]
[WhiteFideId "3509362"]
[White "Quesada Perez Yasser"]
[BlackFideId "14300753"]
[Black "Masango Spencer"]
[Result "1-0"]
[LiveChessVersion "1.4.8"]
[BlackElo "2121"]
[WhiteElo "2523"]

1. e4 {[%clk 1:30:56]} e6 {[%clk 1:29:49]} 2. d3 {[%clk 1:30:02]} d5
{[%clk 1:29:50]} 3. Nd2 {[%clk 1:30:26]} Nf6 {[%clk 1:30:11]} 4. Ngf3
{[%clk 1:30:46]} Be7 {[%clk 1:30:23]} 5. g3 {[%clk 1:30:56]} a5 {[%clk 1:30:40]}
6. Bg2 {[%clk 1:30:32]} a4 {[%clk 1:30:56]} 7. a3 {[%clk 1:30:32]} O-O
{[%clk 1:31:01]} 8. O-O {[%clk 1:30:56]} c5 {[%clk 1:30:07]} 9. Re1
{[%clk 1:30:08]} b5 {[%clk 1:26:36]} 10. e5 {[%clk 1:30:05]} Nfd7
{[%clk 1:26:44]} 11. Nf1 {[%clk 1:29:15]} Nc6 {[%clk 1:26:16]} 12. h4
{[%clk 1:29:02]} f6 {[%clk 1:19:33]} 13. exf6 {[%clk 1:27:17]} Bxf6
{[%clk 1:12:35]} 14. Ng5 {[%clk 1:12:10]} Nde5 {[%clk 1:09:59]} 15. f4
{[%clk 1:11:53]} Bxg5 {[%clk 1:09:11]} 16. hxg5 {[%clk 1:11:45]} Ng6
{[%clk 1:07:45]} 17. Be3 {[%clk 1:05:55]} Qd6 {[%clk 1:06:18]} 18. d4
{[%clk 1:05:00]} cxd4 {[%clk 1:02:52]} 19. Bxd4 {[%clk 1:05:24]} b4
{[%clk 1:01:02]} 20. Nh2 {[%clk 0:58:33]} Rb8 {[%clk 0:59:00]} 21. Nf3
{[%clk 0:51:16]} Nxd4 {[%clk 0:57:34]} 22. Qxd4 {[%clk 0:50:13]} bxa3
{[%clk 0:52:38]} 23. bxa3 {[%clk 0:50:33]} Bd7 {[%clk 0:52:54]} 24. c4
{[%clk 0:46:43]} Rb3 {[%clk 0:47:55]} 25. c5 {[%clk 0:44:16]} Qc7
{[%clk 0:48:07]} 26. Re3 {[%clk 0:30:07]} Nxf4 {[%clk 0:37:11]} 27. gxf4
{[%clk 0:29:54]} Rxf4 {[%clk 0:37:32]} 28. Qe5 {[%clk 0:24:09]} Qxc5
{[%clk 0:36:14]} 29. Qxf4 {[%clk 0:24:00]} Rxe3 {[%clk 0:36:01]} 30. Kh2
{[%clk 0:22:11]} Rxa3 {[%clk 0:31:32]} 31. Qb8+ {[%clk 0:22:24]} Kf7
{[%clk 0:30:47]} 32. Ne5+ {[%clk 0:21:06]} Ke7 {[%clk 0:31:03]} 33. Qb7
{[%clk 0:20:03]} Qd6 {[%clk 0:30:09]} 34. Rxa3 {[%clk 0:20:18]} Qxe5+
{[%clk 0:30:19]} 35. Rg3 {[%clk 0:20:07]} Qf4 {[%clk 0:30:35]} 36. Qb2
{[%clk 0:17:52]} Kf7 {[%clk 0:27:24]} 37. Qa3 {[%clk 0:17:06]} Bb5
{[%clk 0:27:01]} 38. Kh1 {[%clk 0:15:30]} Be2 {[%clk 0:26:22]} 39. Bf3
{[%clk 0:12:52]} Qh4+ {[%clk 0:24:02]} 40. Kg2 {[%clk 0:43:14]} Bc4
{[%clk 0:54:26]} 41. Qd6 {[%clk 0:40:42]} a3 {[%clk 0:51:49]} 42. Qd7+
{[%clk 0:39:11]} Kf8 {[%clk 0:51:47]} 43. Qd8+ {[%clk 0:39:36]} 1-0

[Event "World Chess Olympiad 2018"]
[Site "Batumi"]
[Date "2018.10.02"]
[Round "8"]
[Board "1"]
[WhiteFideId "3801497"]
[White "Cordova Emilio"]
[BlackFideId "9000240"]
[Black "Tissir Mohamed"]
[Result "1-0"]
[LiveChessVersion "1.4.8"]
[BlackElo "2388"]
[WhiteElo "2609"]

1. Nf3 {[%clk 1:30:55]} Nf6 {[%clk 1:30:50]} 2. c4 {[%clk 1:30:58]} g6
{[%clk 1:31:14]} 3. Nc3 {[%clk 1:30:18]} Bg7 {[%clk 1:31:37]} 4. g3
{[%clk 1:29:56]} O-O {[%clk 1:31:43]} 5. Bg2 {[%clk 1:30:23]} d6 {[%clk 1:32:05]}
6. d4 {[%clk 1:30:46]} a6 {[%clk 1:32:19]} 7. O-O {[%clk 1:31:05]} Nc6
{[%clk 1:32:46]} 8. b3 {[%clk 1:27:52]} Rb8 {[%clk 1:30:13]} 9. a4
{[%clk 1:23:39]} a5 {[%clk 1:24:57]} 10. Bb2 {[%clk 1:21:40]} Nb4
{[%clk 1:14:27]} 11. Qd2 {[%clk 1:16:04]} Bd7 {[%clk 0:45:56]} 12. e4
{[%clk 1:15:13]} Bg4 {[%clk 0:44:35]} 13. Rfe1 {[%clk 1:05:37]} e5
{[%clk 0:40:21]} 14. Na2 {[%clk 1:00:44]} Nxa2 {[%clk 0:31:16]} 15. Rxa2
{[%clk 1:00:41]} Bxf3 {[%clk 0:30:41]} 16. Bxf3 {[%clk 1:01:07]} Nd7
{[%clk 0:31:06]} 17. dxe5 {[%clk 0:56:57]} Bxe5 {[%clk 0:31:18]} 18. Bxe5
{[%clk 0:52:35]} Nxe5 {[%clk 0:31:43]} 19. Bg2 {[%clk 0:53:02]} b6
{[%clk 0:32:05]} 20. Qc3 {[%clk 0:49:19]} Nd7 {[%clk 0:29:04]} 21. f4
{[%clk 0:42:51]} Qe7 {[%clk 0:26:44]} 22. h4 {[%clk 0:42:51]} h5 {[%clk 0:25:38]}
23. Rae2 {[%clk 0:40:07]} Rbd8 {[%clk 0:25:56]} 24. Re3 {[%clk 0:35:01]} Nc5
{[%clk 0:18:46]} 25. Bf3 {[%clk 0:33:33]} Nd7 {[%clk 0:18:03]} 26. Rd1
{[%clk 0:30:46]} Nf6 {[%clk 0:11:30]} 27. Kg2 {[%clk 0:30:08]} Nd7
{[%clk 0:04:44]} 28. Qb2 {[%clk 0:26:51]} Rfe8 {[%clk 0:02:21]} 29. Qe2
{[%clk 0:23:11]} Kg7 {[%clk 0:01:07]} 30. Re1 {[%clk 0:22:28]} Kg8
{[%clk 0:01:03]} 31. Qd2 {[%clk 0:18:37]} Rf8 {[%clk 0:01:31]} 32. Qd5
{[%clk 0:17:27]} Nc5 {[%clk 0:01:23]} 33. Rh1 {[%clk 0:16:44]} Qf6
{[%clk 0:01:28]} 34. Qd2 {[%clk 0:17:03]} Rfe8 {[%clk 0:01:37]} 35. Rf1
{[%clk 0:16:57]} Rf8 {[%clk 0:01:07]} 36. Qc2 {[%clk 0:16:10]} Qe7
{[%clk 0:00:36]} 37. e5 {[%clk 0:11:45]} dxe5 {[%clk 0:00:54]} 38. fxe5
{[%clk 0:12:05]} Ne6 {[%clk 0:00:33]} 39. Bd5 {[%clk 0:12:12]} Qc5
{[%clk 0:00:37]} 40. Bxe6 {[%clk 0:42:10]} Qc6+ {[%clk 0:30:32]} 41. Rff3
{[%clk 0:33:27]} Qxe6 {[%clk 0:30:50]} 42. Rf6 {[%clk 0:33:47]} Qe7
{[%clk 0:24:59]} 43. Qc3 {[%clk 0:31:24]} Kh7 {[%clk 0:18:13]} 44. Ref3
{[%clk 0:25:36]} Rde8 {[%clk 0:12:47]} 45. Qe3 {[%clk 0:24:14]} Kg7
{[%clk 0:06:00]} 46. R3f5 {[%clk 0:24:18]} Qc5 {[%clk 0:05:37]} 47. Qf4
{[%clk 0:23:50]} Re6 {[%clk 0:00:47]} 48. Rxf7+ {[%clk 0:16:52]} Rxf7
{[%clk 0:01:15]} 49. Rxf7+ {[%clk 0:17:16]} Kg8 {[%clk 0:01:38]} 50. Rd7
{[%clk 0:15:36]} Qc6+ {[%clk 0:00:39]} 51. Rd5 {[%clk 0:16:01]} Kg7
{[%clk 0:00:34]} 52. Kh2 {[%clk 0:15:08]} Qe8 {[%clk 0:00:40]} 53. Qd4
{[%clk 0:15:06]} Re7 {[%clk 0:00:33]} 54. e6+ {[%clk 0:15:00]} 1-0

[Event "World Chess Olympiad 2018"]
[Site "Batumi"]
[Date "2018.10.02"]
[Round "8"]
[Board "2"]
[WhiteFideId "9000283"]
[White "Onkoud Abdelaziz"]
[BlackFideId "3804623"]
[Black "Vera Siguenas Deivy"]
[Result "1/2-1/2"]
[LiveChessVersion "1.4.8"]
[BlackElo "2494"]
[WhiteElo "2315"]

1. Nf3 {[%clk 1:30:56]} Nf6 {[%clk 1:30:56]} 2. c4 {[%clk 1:31:10]} e6
{[%clk 1:31:22]} 3. g3 {[%clk 1:31:14]} d5 {[%clk 1:30:37]} 4. b3
{[%clk 1:31:29]} Be7 {[%clk 1:30:45]} 5. Bg2 {[%clk 1:31:25]} O-O
{[%clk 1:31:11]} 6. O-O {[%clk 1:31:23]} a5 {[%clk 1:31:23]} 7. Nc3
{[%clk 1:30:46]} b6 {[%clk 1:29:52]} 8. d4 {[%clk 1:29:56]} Bb7 {[%clk 1:28:04]}
9. Ne5 {[%clk 1:29:09]} Nbd7 {[%clk 1:24:25]} 10. f4 {[%clk 1:19:53]} c5
{[%clk 1:22:58]} 11. e3 {[%clk 1:19:25]} cxd4 {[%clk 1:18:59]} 12. exd4
{[%clk 1:19:41]} Qc8 {[%clk 1:19:02]} 13. Bb2 {[%clk 1:11:01]} dxc4
{[%clk 1:18:02]} 14. bxc4 {[%clk 1:11:01]} Bxg2 {[%clk 1:17:28]} 15. Kxg2
{[%clk 1:11:28]} Qb7+ {[%clk 0:31:12]} 16. Qf3 {[%clk 1:10:22]} Qxf3+
{[%clk 0:31:38]} 17. Rxf3 {[%clk 1:09:12]} Rfc8 {[%clk 0:32:02]} 18. Rc1
{[%clk 1:08:37]} Nf8 {[%clk 0:31:35]} 19. Na4 {[%clk 1:02:39]} Rab8
{[%clk 0:30:15]} 20. Rb3 {[%clk 1:02:49]} N6d7 {[%clk 0:30:39]} 21. Kf3
{[%clk 0:59:54]} Nxe5+ {[%clk 0:27:38]} 22. fxe5 {[%clk 1:00:02]} Nd7
{[%clk 0:28:05]} 23. Rb5 {[%clk 0:59:33]} f6 {[%clk 0:28:06]} 24. exf6
{[%clk 0:54:07]} Bxf6 {[%clk 0:28:32]} 25. Ke4 {[%clk 0:54:08]} Be7
{[%clk 0:23:23]} 26. Rc2 {[%clk 0:52:50]} Rc6 {[%clk 0:22:11]} 27. Bc1
{[%clk 0:50:43]} Rbc8 {[%clk 0:20:20]} 28. Kd3 {[%clk 0:51:04]} Rd8
{[%clk 0:20:35]} 29. Ke4 {[%clk 0:50:52]} Nf6+ {[%clk 0:16:14]} 30. Ke3
{[%clk 0:50:59]} Nd5+ {[%clk 0:15:41]} 31. Ke4 {[%clk 0:47:17]} Nb4
{[%clk 0:10:50]} 32. Rd2 {[%clk 0:47:44]} Rxc4 {[%clk 0:11:04]} 33. Bb2
{[%clk 0:46:47]} Nxa2 {[%clk 0:08:23]} 34. Nxb6 {[%clk 0:46:21]} Rc6
{[%clk 0:06:44]} 35. d5 {[%clk 0:45:09]} Nc3+ {[%clk 0:06:56]} 36. Bxc3
{[%clk 0:41:38]} Rxc3 {[%clk 0:07:22]} 37. Ra2 {[%clk 0:37:58]} Bc5
{[%clk 0:04:21]} 38. Raxa5 {[%clk 0:36:42]} Bxb6 {[%clk 0:00:42]} 39. Rxb6
{[%clk 0:36:59]} exd5+ {[%clk 0:00:54]} 40. Rxd5 1/2-1/2

[Event "World Chess Olympiad 2018"]
[Site "Batumi"]
[Date "2018.10.02"]
[Round "8"]
[Board "3"]
[WhiteFideId "3802272"]
[White "Cori Jorge"]
[BlackFideId "9001948"]
[Black "Saber Yasser"]
[Result "1-0"]
[LiveChessVersion "1.4.8"]
[BlackElo "2192"]
[WhiteElo "2664"]

1. d4 {[%clk 1:30:58]} d5 {[%clk 1:30:53]} 2. Nf3 {[%clk 1:31:19]} Nf6
{[%clk 1:31:14]} 3. c4 {[%clk 1:31:33]} c6 {[%clk 1:31:40]} 4. e3
{[%clk 1:31:55]} Bf5 {[%clk 1:31:48]} 5. Nc3 {[%clk 1:32:21]} e6 {[%clk 1:32:10]}
6. Nh4 {[%clk 1:30:56]} Bg4 {[%clk 1:32:23]} 7. Qb3 {[%clk 1:30:47]} Qb6
{[%clk 1:32:32]} 8. h3 {[%clk 1:30:04]} Bh5 {[%clk 1:32:55]} 9. g4
{[%clk 1:30:24]} Bg6 {[%clk 1:33:17]} 10. Nxg6 {[%clk 1:30:40]} hxg6
{[%clk 1:31:14]} 11. Bg2 {[%clk 1:31:03]} Na6 {[%clk 1:20:49]} 12. Bd2
{[%clk 1:25:05]} Be7 {[%clk 1:13:51]} 13. Qa4 {[%clk 1:07:51]} Qb4
{[%clk 1:07:28]} 14. Qc2 {[%clk 1:01:42]} dxc4 {[%clk 1:06:12]} 15. Nd5
{[%clk 1:01:54]} Qb5 {[%clk 1:04:23]} 16. a4 {[%clk 1:00:45]} Qb3
{[%clk 1:02:36]} 17. Qxb3 {[%clk 1:01:10]} cxb3 {[%clk 1:03:04]} 18. Nxe7
{[%clk 1:01:33]} Kxe7 {[%clk 1:02:22]} 19. Ra3 {[%clk 1:01:56]} Rad8
{[%clk 0:52:25]} 20. Rxb3 {[%clk 1:01:38]} Rd7 {[%clk 0:52:36]} 21. O-O
{[%clk 0:52:20]} Kd8 {[%clk 0:39:26]} 22. Rc1 {[%clk 0:52:26]} Kc8
{[%clk 0:39:16]} 23. Ra3 {[%clk 0:35:10]} Kb8 {[%clk 0:22:38]} 24. b4
{[%clk 0:35:30]} Rc8 {[%clk 0:20:58]} 25. Be1 {[%clk 0:25:09]} Nd5
{[%clk 0:16:57]} 26. Rb1 {[%clk 0:20:08]} Ka8 {[%clk 0:08:25]} 27. Bf1
{[%clk 0:06:43]} Nb8 {[%clk 0:08:16]} 28. Rc1 {[%clk 0:06:47]} f5
{[%clk 0:08:15]} 29. Kg2 {[%clk 0:04:22]} g5 {[%clk 0:08:06]} 30. gxf5
{[%clk 0:03:45]} exf5 {[%clk 0:08:35]} 31. b5 {[%clk 0:04:08]} Rdc7
{[%clk 0:04:21]} 32. Rb3 {[%clk 0:02:13]} c5 {[%clk 0:03:40]} 33. dxc5
{[%clk 0:02:41]} Rxc5 {[%clk 0:04:01]} 34. Rxc5 {[%clk 0:03:07]} Rxc5
{[%clk 0:04:24]} 35. Rd3 {[%clk 0:03:29]} a6 {[%clk 0:02:28]} 36. Rd4
{[%clk 0:01:40]} Ka7 {[%clk 0:00:35]} 37. Bc4 {[%clk 0:01:14]} Nb6
{[%clk 0:00:53]} 38. Bd3 {[%clk 0:01:26]} axb5 {[%clk 0:00:40]} 39. axb5
{[%clk 0:01:38]} g6 {[%clk 0:00:53]} 40. Bb4 {[%clk 0:31:41]} Rd5
{[%clk 0:30:32]} 41. Be7 {[%clk 0:30:14]} N8d7 {[%clk 0:19:21]} 42. Bxg5
{[%clk 0:29:35]} Nc5 {[%clk 0:15:06]} 43. Rxd5 {[%clk 0:29:12]} Nxd5
{[%clk 0:15:34]} 44. Bc4 {[%clk 0:29:36]} Ne6 {[%clk 0:11:05]} 45. Bxd5
{[%clk 0:25:33]} Nxg5 {[%clk 0:11:33]} 46. h4 {[%clk 0:25:53]} Nh7
{[%clk 0:11:55]} 47. Kf3 {[%clk 0:22:10]} Kb6 {[%clk 0:11:04]} 48. Kf4
{[%clk 0:22:35]} Kxb5 {[%clk 0:06:53]} 49. Bxb7 {[%clk 0:22:59]} Kc5
{[%clk 0:06:24]} 50. Ke5 {[%clk 0:23:08]} g5 {[%clk 0:06:46]} 51. h5
{[%clk 0:23:26]} f4 {[%clk 0:07:07]} 52. Be4 {[%clk 0:21:50]} fxe3
{[%clk 0:06:33]} 53. fxe3 {[%clk 0:22:13]} Nf8 {[%clk 0:06:51]} 54. h6
{[%clk 0:22:33]} 1-0

[Event "World Chess Olympiad 2018"]
[Site "Batumi"]
[Date "2018.10.02"]
[Round "8"]
[Board "4"]
[WhiteFideId "9000720"]
[White "Aithmidou Mohamed-Mehdi"]
[BlackFideId "3801969"]
[Black "Cruz Cristhian"]
[Result "1/2-1/2"]
[LiveChessVersion "1.4.8"]
[BlackElo "2571"]
[WhiteElo "2244"]

1. e4 {[%clk 1:30:40]} c5 {[%clk 1:30:42]} 2. d3 {[%clk 1:30:36]} Nc6
{[%clk 1:30:53]} 3. f4 {[%clk 1:29:52]} g6 {[%clk 1:31:03]} 4. Nf3
{[%clk 1:28:31]} Bg7 {[%clk 1:31:18]} 5. c3 {[%clk 1:25:52]} d5 {[%clk 1:29:49]}
6. Be3 {[%clk 1:24:48]} dxe4 {[%clk 1:22:36]} 7. dxe4 {[%clk 1:25:11]} Qxd1+
{[%clk 1:22:37]} 8. Kxd1 {[%clk 1:25:39]} Nf6 {[%clk 1:22:49]} 9. Nbd2
{[%clk 1:25:33]} b6 {[%clk 1:22:48]} 10. h3 {[%clk 1:12:48]} Bb7 {[%clk 1:22:48]}
11. Kc2 {[%clk 1:07:37]} O-O {[%clk 1:20:06]} 12. Bd3 {[%clk 0:57:25]} Rfd8
{[%clk 1:19:18]} 13. Rhe1 {[%clk 0:55:17]} Rac8 {[%clk 1:18:07]} 14. e5
{[%clk 0:37:41]} Nd5 {[%clk 1:18:06]} 15. Be4 {[%clk 0:37:33]} Nxe3+
{[%clk 1:12:53]} 16. Rxe3 {[%clk 0:38:00]} Nd4+ {[%clk 1:06:15]} 17. Nxd4
{[%clk 0:28:24]} cxd4 {[%clk 1:06:29]} 18. Rd3 {[%clk 0:28:52]} dxc3
{[%clk 1:00:24]} 19. Rxd8+ {[%clk 0:27:03]} Rxd8 {[%clk 1:00:22]} 20. Kxc3
{[%clk 0:18:29]} Ba6 {[%clk 0:53:02]} 21. Nf3 {[%clk 0:16:08]} f6
{[%clk 0:51:20]} 22. a4 {[%clk 0:14:50]} Rc8+ {[%clk 0:38:52]} 23. Kd4
{[%clk 0:12:46]} Rc4+ {[%clk 0:31:58]} 24. Ke3 {[%clk 0:13:08]} Rb4
{[%clk 0:19:22]} 25. Bd5+ {[%clk 0:13:21]} Kf8 {[%clk 0:19:48]} 26. b3
{[%clk 0:13:25]} e6 {[%clk 0:16:02]} 27. Bxe6 {[%clk 0:13:02]} Bb7
{[%clk 0:16:31]} 28. Bc4 {[%clk 0:12:00]} Bxf3 {[%clk 0:16:38]} 29. Kxf3
{[%clk 0:10:25]} fxe5 {[%clk 0:17:04]} 30. Rd1 {[%clk 0:09:09]} Ke7
{[%clk 0:17:18]} 31. fxe5 {[%clk 0:07:19]} Bxe5 {[%clk 0:17:38]} 32. Ke4
{[%clk 0:07:00]} Bf6 {[%clk 0:15:46]} 33. Kd5 {[%clk 0:06:53]} Kd7
{[%clk 0:12:09]} 34. Rf1 {[%clk 0:06:59]} Be7 {[%clk 0:12:15]} 35. Rf7
{[%clk 0:03:19]} h5 {[%clk 0:11:47]} 36. Rg7 {[%clk 0:03:14]} a6 {[%clk 0:11:44]}
37. Bxa6 {[%clk 0:01:29]} Rxb3 {[%clk 0:12:07]} 38. Bb5+ {[%clk 0:01:36]} Kd8
{[%clk 0:12:19]} 39. Rxg6 {[%clk 0:00:45]} Bc5 {[%clk 0:10:08]} 40. Kc6
{[%clk 0:30:59]} Rc3 {[%clk 0:39:48]} 41. Kb7 {[%clk 0:20:28]} Ke7
{[%clk 0:31:05]} 42. Rh6 {[%clk 0:20:24]} Rg3 {[%clk 0:27:07]} 43. Rxh5
{[%clk 0:18:14]} Rxg2 {[%clk 0:25:52]} 44. a5 {[%clk 0:18:42]} Rg7
{[%clk 0:25:58]} 45. Kc6 {[%clk 0:12:07]} Rg6+ {[%clk 0:25:35]} 46. Kd5
{[%clk 0:10:38]} Rd6+ {[%clk 0:24:16]} 47. Kc4 {[%clk 0:10:50]} Rd4+
{[%clk 0:24:22]} 48. Kc3 {[%clk 0:11:17]} Rb4 {[%clk 0:18:48]} 49. Bd3
{[%clk 0:08:50]} Ra4 {[%clk 0:17:24]} 50. a6 {[%clk 0:09:02]} Ra3+
{[%clk 0:17:29]} 51. Kc2 {[%clk 0:08:45]} Kd6 {[%clk 0:17:42]} 52. Rh7
{[%clk 0:05:11]} Ra2+ {[%clk 0:14:55]} 53. Kb3 {[%clk 0:04:11]} Ra3+
{[%clk 0:15:07]} 54. Kc2 {[%clk 0:03:59]} Ra2+ {[%clk 0:15:19]} 55. Kc1
{[%clk 0:04:12]} Kd5 {[%clk 0:14:13]} 56. Bb5 {[%clk 0:03:44]} Be3+
{[%clk 0:12:02]} 57. Kd1 {[%clk 0:02:40]} Kc5 {[%clk 0:12:03]} 58. Rh5+
{[%clk 0:01:40]} Kb4 {[%clk 0:10:21]} 59. Re5 {[%clk 0:00:45]} Bc5
{[%clk 0:09:09]} 60. Bd3 {[%clk 0:00:43]} Kc3 {[%clk 0:09:20]} 61. Rd5
{[%clk 0:00:40]} Bd4 {[%clk 0:04:34]} 62. Bb5 {[%clk 0:00:46]} Bc5
{[%clk 0:02:46]} 63. Rg5 {[%clk 0:00:34]} Ra5 {[%clk 0:02:11]} 64. Rg3+
{[%clk 0:00:41]} Kb4 {[%clk 0:02:26]} 65. Be2 {[%clk 0:00:55]} Ra1+
{[%clk 0:02:26]} 66. Kc2 {[%clk 0:01:10]} Ra2+ {[%clk 0:02:48]} 67. Kd1
{[%clk 0:01:30]} Ra1+ {[%clk 0:02:57]} 68. Kc2 {[%clk 0:01:54]} Ra2+ 1/2-1/2